नर्मदांचल का धार्मिक एवं सांस्कृतिक इतिहास / (Record no. 52382)

MARC details
000 -LEADER
fixed length control field 04625nam a22004577a 4500
005 - DATE AND TIME OF LATEST TRANSACTION
control field 20080918163843.0
008 - FIXED-LENGTH DATA ELEMENTS--GENERAL INFORMATION
fixed length control field 080918t xxu||||| |||| 00| 0 hin d
010 ## - LCCN (DPL NO)
LC control number HIN-92687 B-487702-711
020 ## - INTERNATIONAL STANDARD BOOK NUMBER
Terms of availability 595.00
International Standard Book Number 9788175660700
035 ## - SYSTEM CONTROL NUMBER
System control number HN-65033 B-487702-711
037 ## - SOURCE OF ACQUISITION
Source of stock number/acquisition DBAD / PUB
037 ## - SOURCE OF ACQUISITION
Source of stock number/acquisition के.के.पब्लिकेशंस
040 ## - CATALOGING SOURCE
Original cataloging agency DPL
Language of cataloging HN
082 ## - DEWEY DECIMAL CLASSIFICATION NUMBER
Classification number 551.483
100 ## - MAIN ENTRY--PERSONAL NAME
9 (RLIN) 747
Personal name धर्मेन्द्र प्रसाद
245 ## - TITLE STATEMENT
Title नर्मदांचल का धार्मिक एवं सांस्कृतिक इतिहास /
Statement of responsibility, etc धर्मेन्द्र प्रसाद
246 ## - VARYING FORM OF TITLE
Title proper/short title Narmada ka dharmik evm Sanskritik itihas
Remainder of title by Dharmender Prasad
260 ## - PUBLICATION, DISTRIBUTION, ETC. (IMPRINT)
Place of publication, distribution, etc दिल्ली
Name of publisher, distributor, etc अविराम प्रकाशन
Date of publication, distribution, etc 2010
270 ## - ADDRESS
Address 29/62, गली न. 11, पहली मंजिल, विश्वास नगर
City दिल्ली
Postal code 110032
Telephone number 09873072324
300 ## - PHYSICAL DESCRIPTION
Extent 376पृ.
Dimensions 22सेमी (सजिल्द)
650 ## - SUBJECT ADDED ENTRY--TOPICAL TERM
9 (RLIN) 697
650 ## - SUBJECT ADDED ENTRY--TOPICAL TERM
9 (RLIN) 698
700 ## - ADDED ENTRY--PERSONAL NAME
9 (RLIN) 27881
700 ## - ADDED ENTRY--PERSONAL NAME
9 (RLIN) 27882
700 ## - ADDED ENTRY--PERSONAL NAME
9 (RLIN) 27883
942 ## - ADDED ENTRY ELEMENTS (KOHA)
Source of classification or shelving scheme Dewey Decimal Classification
Item type Hindi Books
Call number suffix धर्मेन्द्र
Classification part 551.483
Holdings
Withdrawn status Lost status Source of classification or shelving scheme Damaged status Not for loan Collection code Home library Current library Date acquired Source of acquisition Cost, normal purchase price Total Checkouts Full call number Barcode Date last seen Copy number Cost, replacement price Koha item type Total Renewals
    Dewey Decimal Classification     Non-fiction Bawana Bawana 17/01/2013 के.के.पब्लिकेशंस/2178/10.08.12/1/27.07.12/20.09.12 595.00   551.483 धर्मेन्द्र B-487710 17/01/2013 1 595.00 Hindi Books  
    Dewey Decimal Classification     Non-fiction Central Jail Tihar Central Jail Tihar 17/01/2013 के.के.पब्लिकेशंस/2178/10.08.12/1/27.07.12/20.09.12 595.00   551.483 धर्मेन्द्र B-487706 17/01/2013 1 595.00 Hindi Books  
    Dewey Decimal Classification   Not For Loan Non-fiction D.B.Act.Division D.B.Act.Division 12/05/2011 DBAD / PUB 595.00   551.483 धर्मेन्द्र HN-65033 12/05/2011 1 595.00 Hindi Books  
    Dewey Decimal Classification     Non-fiction Janak Puri Janak Puri 17/01/2013 के.के.पब्लिकेशंस/2178/10.08.12/1/27.07.12/20.09.12 595.00 4 551.483 धर्मेन्द्र B-487707 12/07/2016 1 595.00 Hindi Books  
    Dewey Decimal Classification     Non-fiction Kasturba Gandhi Marg Kasturba Gandhi Marg 17/01/2013 के.के.पब्लिकेशंस/2178/10.08.12/1/27.07.12/20.09.12 595.00 1 551.483 धर्मेन्द्र B-487703 18/03/2020 1 595.00 Hindi Books 2
    Dewey Decimal Classification     Non-fiction Narela Narela 17/01/2013 के.के.पब्लिकेशंस/2178/10.08.12/1/27.07.12/20.09.12 595.00   551.483 धर्मेन्द्र B-487709 17/01/2013 1 595.00 Hindi Books  
    Dewey Decimal Classification     Non-fiction Patel Nagar Patel Nagar 17/01/2013 के.के.पब्लिकेशंस/2178/10.08.12/1/27.07.12/20.09.12 595.00   551.483 धर्मेन्द्र B-487702 17/01/2013 1 595.00 Hindi Books  
    Dewey Decimal Classification     Non-fiction Peshwa Road Peshwa Road 17/01/2013 के.के.पब्लिकेशंस/2178/10.08.12/1/27.07.12/20.09.12 595.00   551.483 धर्मेन्द्र B-487704 17/01/2013 1 595.00 Hindi Books  
    Dewey Decimal Classification     Non-fiction Sarojini Nagar Sarojini Nagar 17/01/2013 के.के.पब्लिकेशंस/2178/10.08.12/1/27.07.12/20.09.12 595.00   551.483 धर्मेन्द्र B-487708 17/01/2013 1 595.00 Hindi Books  
    Dewey Decimal Classification     Non-fiction Shahdara Branch Shahdara Branch 17/01/2013 के.के.पब्लिकेशंस/2178/10.08.12/1/27.07.12/20.09.12 595.00 1 551.483 धर्मेन्द्र B-487711 12/11/2020 1 595.00 Hindi Books  
  Written-off vide DLB M. No. 383 dt 16.05.19 Dewey Decimal Classification     Non-fiction Tri Nagar Tri Nagar 17/01/2013 के.के.पब्लिकेशंस/2178/10.08.12/1/27.07.12/20.09.12 595.00   551.483 धर्मेन्द्र B-487705 17/01/2013 1 595.00 Hindi Books  

© Delhi Public Library
Hit Counter
free hit counter